000
00504nam a2200181Ia 4500
008
090123s9999 xx 000 0 und d
082
_b
42917
100
_a
गजेंद्रगडकर मोनिका
245
_a
आर्त
250
_a
1
260
_c
2008
300
_a
169
600
_a
गजेंद्रगडकर मोनिका
630
_a
आर्त
700
_a
गजेंद्रगडकर मोनिका
730
_a
आर्त
942
_c
BOOK
999
_c
80993
_d
80993